[Event "Dortmund SuperGM 41st"]
[Site "Dortmund"]
[Date "2013.08.01"]
[Round "6"]
[White "Kramnik, Vladimir"]
[Black "Fridman, Daniel"]
[Result "1-0"]
[WhiteElo "2784"]
[BlackElo "2629"]
[Annotator "Stohl,I"]
[PlyCount "67"]
[EventDate "2013.07.26"]
[EventType "tourn"]
[EventRounds "9"]
[EventCountry "GER"]
[EventCategory "19"]
[SourceTitle "CBM 156"]
[Source "ChessBase"]
[SourceDate "2013.09.17"]
[SourceVersion "1"]
[SourceVersionDate "2013.09.17"]
[SourceQuality "1"]

1. c4 e6 2. Nf3 d5 3. b3 Nf6 4. g3 Be7 5. Bg2 O-O 6. O-O c5 {The double
fianchetto gives Black quite a wide choice of plausible set-ups. In the notes
to Kamsky-Shirov, Bazna 2009 in CBM 131 I dealt in more detail with the
ambitious} (6... d4 $5 {(Shirov's choice)} 7. e3 c5 8. exd4 cxd4 9. Re1 Nc6 10.
d3 a5 11. Bb2 Qb6 12. Na3 a4 13. Nb5 a3 14. Bc1 Ne8 15. Rb1 Bd7 16. Qe2 Nc7 17.
Nxc7 Qxc7 18. Bf4 Bd6 19. Ne5 Ra5 20. b4 Nxb4 21. c5 Bxc5 22. Rec1 Qd8 23. Rxc5
Rxc5 24. Rxb4 Bc8 25. h4 f6 26. Nc4 b5 27. Nxa3 e5 28. Bd2 Be6 29. Rxb5 Rxb5
30. Nxb5 Qb6 31. a4 Bb3 32. Bb4 Rb8 33. Bd6 Rc8 34. Qb2 Bc2 35. Bh3 Rc6 36.
Qa2+ Kh8 37. Qf7 Qd8 38. Bf8 {1-0 Ivanchuk,V (2754)-Hammer,J (2633)/Cap d'Agde
2010/EXT 2011}) ({Another option is} 6... b6 7. Bb2 Bb7 8. e3 Nbd7 9. Nc3 Ne4
$5 ({The more common} 9... c5 10. Qe2 Rc8 {is also good enough for equality} (
10... dxc4 11. bxc4 Ne4 $5 12. Nxe4 Bxe4 13. d3 Bc6 14. a4 Bf6 15. a5 Bxb2 16.
Qxb2 Qc7 17. axb6 axb6 18. Rxa8 Rxa8 19. Ra1 h6 20. Rxa8+ Bxa8 21. Ne1 Bxg2 22.
Nxg2 Ne5 23. Ne1 Nd7 {Movsesian,S (2693)-Shimanov,A (2639)/EU-ch Legnica/2013/}
)) 10. cxd5 (10. Qc2 Nxc3 11. Bxc3 Nc5 12. d4 Ne4 13. Bb2 c5 14. dxc5 Nxc5 15.
Rfd1 Bf6 16. cxd5 Bxd5 17. Ne1 Rc8 18. Bxd5 exd5 19. Rac1 Ne4 20. Qxc8 Qxc8 21.
Rxc8 Rxc8 22. Bxf6 Nxf6 23. Kf1 {1/2,Ftacnik,L (2547)-Sanikidze,T (2580)/
Bundesliga/2012/}) 10... Nxc3 (10... exd5 11. Ne2 $5 c5 12. d3 Bf6 13. Qc2 Bxb2
14. Qxb2 Qf6 15. Qxf6 Nexf6 16. Rfd1 Rfe8 17. Nc3 Nf8 18. d4 Ne6 19. dxc5 bxc5
20. Rac1 Rad8 21. Ne5 Ba8 22. Na4 g6 23. f4 Rc8 24. Bf3 $14 {Malakhov,V (2705)
-Azarov,S (2667)/EU-ch Plovdiv/2012/}) 11. dxc3 Bxd5 12. c4 Bb7 13. Qc2 Qc8 14.
Rad1 Rd8 15. h4 h6 16. Rd2 c5 17. Rfd1 Bc6 18. Ne5 Nxe5 19. Rxd8+ Bxd8 20. Bxe5
Bxg2 21. Kxg2 Qc6+ 22. f3 Be7 23. h5 a6 24. Rd3 Rd8 $11 {Malakhov,V (2605)
-Razuvaev,Y (2555)/Porto San Giorgio/2000/}) 7. Bb2 Nc6 (7... b6 8. e3 (8. cxd5
Nxd5 9. Nc3 Bb7 10. Nxd5 Bxd5 11. Qb1 Nd7 12. Bc3 Re8 13. Rd1 Rc8 14. Qb2 Bf8
15. d4 Qc7 16. Rac1 Qb7 $11 {Krasenkow,M (2661)-Beliavsky,A (2640)/Lvov/2000/})
8... Bb7 9. Nc3 Nbd7 {leads to a position, mentioned already in the previous
note.}) 8. e3 b6 ({Although lately Black hasn't been doing too well with} 8...
d4 9. exd4 cxd4 10. Re1 Ne8 {, this still remains a viable fighting
alternative to achieve an imbalanced position:} 11. Na3 f6 12. Nc2 e5 13. d3 a5
(13... Nc7 14. a3 Rb8 15. Nd2 Bf5 16. Ne4 Qd7 17. Rc1 a6 $6 (17... b5 $5) 18.
b4 Bg4 19. f3 Bh5 20. Qd2 f5 21. Nf2 Kh8 22. f4 exf4 23. Qxf4 Bf6 24. a4 g5 25.
Qd2 $14 {Charbonneau,P (2505)-Hungaski,R (2471)/USA tt ICC/2013/}) 14. a3 Nc7
15. Nd2 (15. Qd2 Rb8 $5 {[%cal Yb7b5]} 16. b4 b5 $13) 15... Ne6 (15... Bf5 $142
16. Ne4 Qd7 $132 (16... Ne6 $5)) 16. Qe2 Kh8 17. Rab1 Bd6 18. Ne4 Bc7 19. b4 f5
20. Nd2 e4 21. Red1 exd3 22. Qxd3 Ne5 23. Qb3 a4 24. Qa2 f4 25. Ne4 f3 26. Bf1
Qe8 27. Nxd4 Nxd4 28. Bxd4 Bf5 29. Nc3 Qh5 30. h4 Bxb1 31. Qxb1 $44 {Nikolic,P
(2636)-Bindrich,F (2548)/Bundesliga/2011/}) 9. Nc3 dxc4 {Black doesn't have to
resolve the central tension yet.} ({In my opinion the best continuation is} 
9... Ba6 $5 10. d3 Rc8 11. Qe2 Qc7 12. Ne1 (12. Rac1 Rfd8 13. Rfd1 Qb8 14. Nb5
Bb7 15. d4 a6 16. cxd5 Nxd5 17. Nc3 Nxc3 18. Bxc3 cxd4 19. Nxd4 Nxd4 20. Bxd4
Bxg2 21. Kxg2 Rxc1 22. Rxc1 Rc8 23. Rxc8+ {1/2,Stohl,I (2518)-Tibensky,R (2396)
/SVK-chT/2012/}) 12... Rfd8 (12... Qd7 13. Nc2 Nb4 14. e4 d4 15. Nd1 Nxc2 16.
Qxc2 Ne8 17. f4 f5 18. Nf2 Bb7 19. Qe2 Nd6 20. Bc1 Rce8 21. Bd2 Nf7 22. Rab1 a5
23. a3 Bd6 24. b4 axb4 25. axb4 e5 26. bxc5 bxc5 27. Qh5 g6 28. Qh3 $14 {
Eljanov,P (2702)-Roiz,M (2617)/EU-ch Legnica/2013/}) 13. f4 (13. Nc2 $5) 13...
Qd7 14. Nf3 d4 15. Ne4 dxe3 16. Ne5 Nxe5 17. fxe5 Nxe4 18. Bxe4 Bb7 19. Bxh7+
Kxh7 20. Qh5+ Kg8 21. Qxf7+ Kh7 22. Qh5+ Kg8 {1/2,Kulaots,K (2581)-Ladva,O 
(2310)/Viljandi/2013/}) (9... Bb7 {is a natural and very often played
alternative, but here White retains a pull with} 10. cxd5 $1 exd5 (10... Nxd5
11. Nxd5 Qxd5 12. d4 $14) 11. d4 $14 Ne4 12. dxc5 Nxc3 13. Bxc3 bxc5 14. Qe2
Re8 15. Rfd1 Bf8 16. Qb5 Qb6 17. Qxb6 axb6 18. Rxd5 Nd4 19. Nxd4 Bxd5 20. Bxd5
cxd4 21. Bxd4 Ra5 22. e4 Bc5 23. Bc3 Ra3 24. Bb2 Ra7 25. a4 $16 {Kramnik,V 
(2795)-Jones,G (2644)/London/2012/ Kramnik was in control and went on to win
an impressive game; no wonder Fridman didn't want to repeat this line.}) 10.
bxc4 Qd3 {A rare and very aggressive sortie, attempting to disrupt White's
set-up. However, although it prevents central activity (connected with d4), on
the other hand it enables Kramnik faster expansion on the kingside. Overall
the text-move has both drawbacks and pluses nad it's not so easy to
unequivocally state, which prevail here.} ({The natural continuation} 10... Bb7
{is usually played without much thought:} 11. Qe2 Qc7 12. Nb5 Qd7 13. Rfd1 a6
14. Nc3 Qc7 (14... Rfd8 15. Rab1 Rab8 16. Ba1 Ba8 17. d3 Na5 18. Ne5 Qc7 19.
Bxa8 Rxa8 20. f4 Nc6 21. Nxc6 Qxc6 22. Qg2 Qxg2+ 23. Kxg2 Ng4 24. Kf3 Nxh2+ 25.
Kg2 Ng4 26. Kf3 {1/2,Akopian,V (2691)-Georgiev,K (2636)/Khanty-Mansiysk blitz/
2013/}) 15. d3 (15. Rab1 Rab8 16. Ba1 Rfd8 17. Ne1 Na7 18. Bxb7 Qxb7 19. Rb3 b5
20. cxb5 axb5 21. Nxb5 Nxb5 22. Bxf6 Bxf6 23. Rdb1 Qe4 24. Rxb5 Qxb1 25. Rxb1
Rxb1 26. Kg2 Rb2 27. Nf3 {Movsesian,S (2693)-Mamedov,N (2602)/EU-ch Legnica/
2013/} Rxa2 $11) 15... Rfd8 16. Rab1 Rab8 17. Ba1 Ba8 $5 (17... Na7 18. d4 $5 (
18. a4 Bc6 19. Ne1 Bxg2 20. Kxg2 Nc6 21. f4 Ne8 22. Qf3 Bf6 23. Ne4 Bxa1 24.
Rxa1 Nb4 25. Nc3 Rd7 26. Rd2 Rbd8 $11 {Spassky,B (2605)-Portisch,L (2600)/
Tilburg/1983/}) 18... cxd4 ({Safer is} 18... b5 $142 $5 $132) 19. exd4 b5 20.
d5 $1 exd5 (20... Qxc4 21. Qxc4 bxc4 22. dxe6 fxe6 23. Rxd8+ Bxd8 24. Ng5 $14)
21. cxd5 Nxd5 22. Nxd5 Rxd5 23. Re1 Bf8 24. Be5 $36 {Kortschnoj,V (2635)
-Georgiev,K (2545)/Lugano op/1986/}) (17... Na5 18. Nd2 (18. Ng5 Bxg2 19. Kxg2
b5 20. cxb5 axb5 21. Nce4 Nxe4 22. Nxe4 f5 $15 {Kuzmicz,K (2434)-Dziuba,M 
(2593)/Wroclaw/2011/}) 18... Bxg2 19. Kxg2 Qc6+ 20. Kg1 b5 21. cxb5 axb5 $132 {
Genov,P (2468)-Shalamberidze,A (2386)/Malatya/2013/}) 18. h3 Na7 19. d4 Ne4 $5
20. Rbc1 Nxc3 21. Bxc3 cxd4 22. exd4 Bf6 $11 {Efimenko,Z (2689)-Landa,K (2641)/
Bundesliga/2013/}) 11. Ne1 (11. Ne5 $2 Nxe5 12. Bxa8 Nxc4 $36) (11. Ng5 Bb7 12.
Nce4 Qd8 $1 {forces exchanges and gives Black a comfortable position.}) (11.
Qb3 {[%cal Rc3d5]} Qd8 $5 (11... Na5 12. Ne5 Nxb3 (12... Qf5 13. Nc6 Nxc6 14.
Bxc6 Rb8 15. Nb5 $5 a6 16. Na7 $14) 13. Nxd3 Nxa1 14. Bxa8 Nc2 15. Rc1 Rd8 16.
Rxc2 Rxd3 17. Nb5 a6 18. Na7 Bd7 19. Nc6 $14) 12. d3 (12. d4 Na5 {[%csl Rc4]})
12... Bb7 $11 {and although Black has lost a tempo, White's Q is also
misplaced.}) 11... Qd7 12. Qe2 Bb7 13. f4 Rfd8 $146 (13... Na5 14. d3 Bxg2 15.
Qxg2 Rfd8 16. g4 Ne8 17. Rd1 Nd6 18. Nf3 Qb7 19. e4 b5 (19... a6 $5 20. e5 Ne8
21. f5 b5 22. Ne4 bxc4 23. fxe6 fxe6 24. Nfg5 $14 {[%cal Rg5e6,Rg2f2]}) 20. e5
Ndxc4 21. dxc4 Nxc4 22. Bc1 $16 {Kosten,A (2516)-Hernando Rodrigo,J (2381)/
Castelldefels/2004/}) 14. Rd1 Nb4 15. d3 ({This move is possible aimed against
the simplifying} 15. Bxb7 Qxb7 16. g4 Ne4 $5 $132 {/\} 17. Qg2 Nd6) 15... Bxg2
16. Nxg2 $5 {Kramnik finds an original way to activate an otherwise passive
piece.} (16. Qxg2 a6 {[%cal Yb6b5]} 17. a3 Nc6 18. g4 b5 $5 19. Nf3 $5 $13 (19.
cxb5 axb5 20. Nxb5 $6 Nd5 $36)) 16... a6 17. a3 Nc6 (17... Nxd3 $4 18. Ne1) 18.
g4 {[%mdl 128] ->>> An attacking plan, typical for this type of positions.} Ne8
({More energetic is the direct} 18... b5 $1 19. g5 (19. cxb5 axb5 20. Nxb5 Rdb8
$36 21. Nc3 Nxg4 $17) 19... Ne8 20. Ne4 Rab8 $132 (20... Qb7 $5 $13)) 19. f5 $1
({Fridman reckoned mainly with the weaker} 19. g5 $143 Nd6 $11 {[%cal Yb6b5] -
Black limits the Nc3, prepares b5 and is doing OK}) 19... Nd6 (19... e5 20. Nd5
$14) (19... exf5 20. Nd5 Rab8 21. gxf5 $36 {[%cal Yf5f6]} (21. Rxf5 Nd6 22. Rh5
b5 $132)) 20. f6 $5 {[%mdl 512] An enterprising positional sacrifice, which
Houdini & co start appreciating only after a very long time. Kramnik was
obviously in a fighting mood and wanted to spice up the position in comparison
with the more mundane alternatives:} (20. fxe6 fxe6 21. Nf4 Bg5 (21... b5 22.
Ne4 $1 Nxe4 23. dxe4 Qc8 24. Rxd8+ Nxd8 25. Nh5 g6 26. Bf6 $1 $40) (21... Rab8
22. Ne4 $5 $14) 22. Nh5 e5 (22... Qc7 $5) 23. Ng3 $14) (20. Nf4 $5 Bg5 (20...
exf5 21. Ncd5 $16 {[%cal Rd5b6,Rf4h5]}) 21. fxe6 {-20.fxe6}) 20... Bxf6 21.
Rxf6 gxf6 22. Nf4 $44 Ne5 (22... f5 23. Nh5 Kf8 (23... Qc8 24. Rf1 $5 $44) 24.
Nf6 Qb7 25. gxf5 Nxf5 26. Rf1 $44 Ke7 $6 27. Ncd5+ exd5 28. cxd5 Nh4 29. Qh5
$40) 23. Nh5 Qe7 24. Rf1 Nd7 $8 (24... Ne8 $6 25. Ne4 $36) (24... f5 $2 25.
gxf5 Kh8 (25... Qg5+ 26. Kh1 {[%cal Rf1g1]} exf5 27. Nd5 $18) (25... Nxf5 26.
Ne4 $18) 26. fxe6 Qxe6 27. Nd5 $16) 25. Qg2 (25. Qf2 b5 26. Qf4 Qf8 $5 {
and Black survives a direct assault:} (26... bxc4 $2 27. Nd5 exd5 28. Bxf6 Nxf6
29. Qg5+ Kf8 30. Qg7+ Ke8 31. Nxf6+ $18) (26... e5 27. Qg3 $5 $44 {[%cal Rc3d5]
} (27. Qh6 Qf8 28. Nxf6+ Nxf6 29. Qxf6 Qg7 30. Nd5 Qxf6 31. Nxf6+ Kf8 $11)) 27.
Ne4 (27. Nd5 exd5 28. Bxf6 Nxf6 29. Qg5+ Kh8 30. Qxf6+ Kg8 $11) 27... Nxe4 28.
Qxe4 e5 29. Nxf6+ (29. Rxf6 bxc4 30. Qf5 cxd3 31. Qg5+ Kh8 32. Rd6 (32. Bxe5
Nxe5 33. Qxe5 Kg8 $11 (33... Re8 34. Qc3 Kg8 35. Rd6 Rxe3 $5 36. Nf6+ Kh8 $11))
32... f6 33. Rxf6 Qe7 (33... Nxf6 $2 34. Bxe5 $18) (33... Qg8 34. Rf8 $1 Qxf8
35. Bxe5+ {- 33..Qe7}) 34. Rf8+ Qxf8 35. Bxe5+ Nxe5 36. Qxe5+ Kg8 37. Qg5+ Kf7
38. Qf6+ $11 Ke8 $4 39. Qe6+ Qe7 40. Nf6+ Kf8 41. Qg8#) 29... Nxf6 30. Rxf6 Re8
$13) 25... h6 ({After} 25... b5 $5 26. g5 $5 (26. Ne2 Ne8 27. Neg3 Qd6 $1 $15)
(26. Ne4 Nxe4 27. Qxe4 e5 $15) 26... fxg5 (26... f5 27. Nf6+ $44) 27. Nd5 exd5
28. Nf6+ Nxf6 29. Qxg5+ Kf8 30. Bxf6 Qc7 31. cxd5 {White has a guaranteed draw,
but probably not more than that after} Ke8 (31... Qb6 32. Be7+ Ke8 33. Qe5 Kd7
34. Rf6 Kc7 35. Bxd6+ Rxd6 36. Qe7+ Rd7 37. Qxd7+ Kxd7 38. Rxb6 c4 $11) 32.
Qg8+ Kd7 33. Qg4+ $11) 26. h4 (26. Ne2 $6 f5 $1 27. gxf5+ Qg5 $17) (26. Ne4 $5
Nxe4 27. Qxe4 e5 28. Ng3 $44 {[%csl Rh6][%cal Rg3f5]}) 26... Kf8 $6 {Fridman
starts cracking at the moment when he should have lashed out with} (26... b5
$142 $1 {, e.g.} 27. Ne2 (27. g5 fxg5 {and White has nothing concrete}) 27...
Ne8 28. Neg3 bxc4 29. Ne4 e5 (29... Rab8 $5 30. Bxf6 (30. Bc3 e5) 30... Nexf6
31. Nexf6+ Nxf6 32. Nxf6+ Kf8 33. g5 Qb7 34. Qg4 cxd3 35. gxh6 Ke7 36. h7 Rh8
37. Qg5 Kd6 38. Qf4+ Kc6 39. Qe4+ Kd6 40. Qxd3+ (40. Qf4+ $11) 40... Ke7 41.
Qc3 Qc7 42. Rf4 $44 {/=}) 30. g5 fxg5 31. hxg5 Qe6 (31... Kh8 32. g6 $1 fxg6
33. Nf4 $40) 32. Nhf6+ $5 (32. Nhg3 {[%cal Rg3f5]} Qg4 $5 33. Qf2 f5 $1 34.
gxf6 Nexf6 35. Bxe5 Rf8 36. Nxf6+ Nxf6 37. Bxf6 Rae8 $1 {[%cal Re8e6]} (37...
Rxf6 38. Qxf6 Qxg3+ $11) 38. Qg2 Rxe3 $17) 32... Ndxf6 33. gxf6+ Kf8 34. Nxc5
Qc8 35. Ne4 $44) 27. Qg3 Ke8 28. Qf4 Qf8 $2 {The decisive mistake.} (28... b5
$2 29. Nd5 exd5 30. Bxf6 $18) (28... Rdc8 29. Qxh6 Qf8 30. Nxf6+ (30. Qf4 $5
$36 {/\} f5 $6 31. gxf5 Nxf5 32. Ne4 $40) 30... Nxf6 31. Qxf6 b5 32. Qf4 $5 $44
{[%cal Yc3e2,Gb2e5] gives White good compensation and probably even an
advantage, but the outcome of the game is still undecided.}) 29. Nd5 $1 {
[%csl Rf6]} exd5 30. Bxf6 $18 {[%cal Rh5g7]} Ne5 (30... Nb8 31. Bg7 $1 Qe7 32.
Nf6+ $18) 31. Qxe5+ Kd7 32. Bg7 {Black's queen is trapped and the game is over.
} Re8 33. Nf6+ Kc7 34. Qa1 (34. Nxd5+ Kc6 35. Qb2 $18) (34. Qa1 Qxg7 35. Nxd5+
$18) 1-0

[Event "Dortmund SuperGM 41st"]
[Site "Dortmund"]
[Date "2013.08.03"]
[Round "8"]
[White "Kramnik, Vladimir"]
[Black "Caruana, Fabiano"]
[Result "1-0"]
[WhiteElo "2784"]
[BlackElo "2796"]
[Annotator "Krasenkow,M"]
[PlyCount "151"]
[EventDate "2013.07.26"]
[EventType "tourn"]
[EventRounds "9"]
[EventCountry "GER"]
[EventCategory "19"]
[SourceTitle "CBM 156"]
[Source "ChessBase"]
[SourceDate "2013.09.17"]
[SourceVersion "1"]
[SourceVersionDate "2013.09.17"]
[SourceQuality "1"]

1. d4 Nf6 2. c4 g6 3. Nc3 d5 4. cxd5 Nxd5 5. e4 Nxc3 6. bxc3 Bg7 7. Be3 c5 8.
Rc1 Qa5 9. Qd2 cxd4 10. cxd4 Qxd2+ 11. Bxd2 O-O 12. Nf3 e6 13. Bc4 {Rather
harmless.} (13. Bb5 {and}) (13. h4 {are more common here}) 13... Nc6 14. d5
exd5 15. Bxd5 h6 $146 (15... Be6 {is usually played as this move should be
made anyway:} 16. O-O (16. Bxe6 fxe6 17. Ke2 Rac8 18. Rhd1 Bb2 19. Rb1 Nd4+ 20.
Kf1 Nxf3 21. Rxb2 Nxh2+ (21... Nxd2+ $5 22. Rbxd2 g5 $11) 22. Ke1 Ng4 23. f3
Ne5 24. Rxb7 Rf7 $11 {1/2 (34) Bazant,P-Ftacnik,L (2550) Czechoslovakia 1992})
16... Bxd5 (16... Rac8 17. Be3 h6 18. Rfd1 Rfd8 19. h3 Kf8 20. a3 b6 21. Bxe6
Rxd1+ 22. Rxd1 fxe6 {0-1 (23) Bazant,P (2355)-Baumgartner,U (2380) ICCF 1996}
23. Rd7 $14) 17. exd5 Ne5 18. Nxe5 Bxe5 19. Rfe1 Bd6 20. g3 Rfd8 21. Bg5 Rd7
22. Kg2 {1/2 (22) Bazant,P (2355)-Grasso,G (2445) ICCF 1996}) 16. O-O Re8 17.
Rb1 Re7 18. Rfc1 Be6 19. Bxe6 fxe6 20. Kf1 Rd8 $11 {White has no advantage in
this ending but the position is still playable and to Kramnik's taste.} 21. Be3
Rd3 22. Ne1 Rd8 23. h4 Rf7 24. Nf3 Rd3 25. Bc5 Rfd7 26. Ke2 Rc3 27. Rxc3 Bxc3 {
[%mdl 4096]} 28. g4 Bf6 $6 (28... Kf7 $142 29. Be3 Bg7 30. g5 $140 h5) 29. Be3
Kg7 (29... Bg7 $1) 30. g5 {[%mdl 32]} hxg5 31. hxg5 {The opening of the h-file
is the first real achievement for White.} Be7 (31... Bc3 $142 {keeping control
of the long diagonal} 32. Rb3 $140 Ba1 {M.Golubev}) 32. Bd2 Bd8 (32... Kf7 $142
33. Bc3 Bf8 {[%cal Yf8g7]}) 33. Bc3+ Kg8 34. Bf6 (34. Rh1 {is harmless due to}
Rh7 {e.g.} 35. Rd1 Bb6) 34... Bb6 (34... Bxf6 35. gxf6 {[%csl Gf6] - such a
bishop exchange is obviously favourable to White.}) 35. Nh2 $5 Rh7 (35... e5
36. Ng4 Rd4 37. Kf3 (37. f3 Ra4) 37... Rd3+ 38. Kg2 Rd2 39. a4 {- Black's
problems remain.}) 36. Ng4 {White's pressure gradually increases.} Kf8 (36...
Nd4+ $2 37. Bxd4 Bxd4 38. Rd1) (36... Rh4 37. Kf3 {[%cal Yf3g3,Yb1d1]}) 37. Kf3
Ke8 38. Kg2 Rh4 39. Kg3 Rh7 40. f4 (40. Ba1 Bd8 41. Nf6+ Bxf6 42. gxf6 {
was possible but White was not sure that he could break up Black's position
after} Nd8 {and preferred to keep some tension.}) 40... Rd7 41. Rh1 (41. Ne5
Nxe5 42. Bxe5 Rd3+ 43. Kg4 Bf2 44. f5 exf5+ 45. exf5 Rd5 {(M.Golubev)} 46. Bf6
Rxf5 47. Rxb7 Ra5 {- Black should not lose.}) 41... Rd3+ 42. Kg2 Rd2+ (42...
Bc7 $5 43. Rh8+ Kd7 44. Rh7+ Kc8) 43. Kf3 Rd3+ 44. Kg2 Rd2+ 45. Kf3 Rd3+ 46.
Ke2 Rg3 47. Rh4 Kd7 (47... Ra3 {looks risky due to} 48. Rh6 {A line like} Rxa2+
49. Kf1 Ra3 50. Rxg6 Rf3+ 51. Kg2 Rxf4 52. Kg3 Rxe4 53. Rg8+ Kd7 54. g6 Nd4 55.
Ne5+ Kc7 56. g7 Nf5+ 57. Kf3 Re3+ 58. Kf4 Rg3 59. Bd8+ Kd6 60. Bxb6 Rxg7 61.
Rd8+ Ke7 62. Ba5 {can hardly be calculated over the board :-), and even then
it is not yet a draw.}) 48. Bg7 (48. Rh7+ $5 Ke8 (48... Kc8 49. Ne5 Re3+ (49...
Nxe5 50. Bxe5 Re3+ 51. Kd2 Rxe4 52. Rh6) 50. Kd2 Rxe4 51. Nxg6 $16 {[%csl Gg5]}
) 49. Ne5 Nxe5 50. Bxe5 Re3+ 51. Kd2 Rxe4 52. Rxb7 $14 {_|_}) 48... Nd4+ (48...
Bc7 $5) (48... Kd6 $5) 49. Kf1 $1 Kc6 {After Black's king launches queenside
counterplay, the endgame turns into a total mess.} (49... Nf3 50. Ne5+ Nxe5 51.
Bxe5 Re3 52. Rh7+ Kd8 $1 53. Rg7 Rxe4 54. Kg2 $1 (54. Rxg6 $143 Bd4) 54... Bd4
55. Bxd4 Rxd4 56. Kf3 {- this rook ending is dangerous for Black.}) 50. Ne5+
Kb5 51. Rh2 $1 (51. Nxg6 $143 Nf3 52. Rh7 Nd2+ 53. Ke2 Nxe4) 51... Re3 52. Rb2+
Ka4 53. Bf8 (53. Nxg6 $5 Rxe4 54. Bxd4 Bxd4 (54... Rxd4 55. Kg2) 55. Rxb7 Ka3 (
55... a5 56. Rb3) 56. Rb5 $1 {(stopping Black's pawn)} Kxa2 57. Kg2 {, but here
} e5 $1 {apparently saves the game.}) 53... Ba5 $6 (53... Rxe4 $1 54. Rb4+ Ka5
55. Nxg6 Ka6 {[%cal Yb6a5]}) 54. Nxg6 Rxe4 55. Bd6 $6 (55. Rxb7 $142 $16 {
Somehow both players neglect this pawn!}) 55... Nf5 56. Be5 Ne3+ 57. Ke2 Nf5+
58. Kf2 Bb6+ 59. Rxb6 {[%mdl 512] Unable to neutralise Black's annoying pieces,
White sacrifices an exchange.} axb6 60. Nf8 Ka3 $6 {Not a good plan. The king
is needed on the kingside:} (60... Kb5 61. Nxe6 (61. g6 Ra4) 61... Ra4 62. Kf3
Kc6 {, and Black is not worse.}) 61. Nxe6 Kxa2 (61... Rc4 $5) 62. g6 Rc4 63.
Nd4 $1 Nh6 (63... Nxd4 $2 64. g7 Rc2+ 65. Kf1 Rc1+ 66. Kg2 Rc2+ 67. Kh3 Rc8 68.
Bxd4 $18) 64. g7 (64. Kf3 $5 {[%cal Ye5g7,Yf4f5]}) 64... Rc5 (64... Rc8 $5) 65.
Ne6 (65. Nf5 $5 Ng8 66. Nd6 b5 67. Ne4 Rc8 68. Nc3+ Kb3 69. Nxb5 {with some
winning chances for White, according to GM M.Golubev.}) 65... Rc8 66. Nf8 b5
67. f5 Rc2+ (67... b4 $5 68. f6 b3 {is quite possible as after} 69. f7 Nxf7 70.
g8=Q Nxe5 {Black is not worse}) 68. Kf3 Rc1 (68... b4 $5) 69. f6 Rf1+ 70. Ke4
Ng8 (70... b4 $2 71. Bf4 Ng8 72. f7 $18) 71. Kd5 b4 72. Nh7 b3 73. Ke6 Nxf6 $1
(73... b2 $4 74. Bxb2 Kxb2 75. f7 Rxf7 76. Kxf7 Nh6+ 77. Kf8 b5 78. Ng5 b4 79.
Nf7 $18) 74. Bxf6 Rg1 75. Bg5 Rxg5 $4 {[%mdl 8192] A terrible blunder.} (75...
b2 76. g8=Q b1=Q 77. Qa8+ Kb3 78. Qxb7+ Kc2 {was not as dangerous for Black as
it might seem, e.g.} 79. Qe4+ Kb3 80. Qd5+ Kc2 81. Qc4+ Kd1 $11) 76. Nxg5 {
Only now Black noticed} (76. Nxg5 b2 77. Ne4 $1 $18) 1-0

[Event "FIDE World Cup"]
[Site "Tromsoe"]
[Date "2013.08.11"]
[Round "1.1"]
[White "Kramnik, Vladimir"]
[Black "Bwalya, Gillan"]
[Result "1-0"]
[WhiteElo "2784"]
[BlackElo "2315"]
[PlyCount "61"]
[EventDate "2013.08.11"]
[EventType "k.o."]
[EventRounds "7"]
[EventCountry "NOR"]
[SourceTitle "CBM 156"]
[Source "ChessBase"]
[SourceDate "2013.09.17"]
[SourceVersion "1"]
[SourceVersionDate "2013.09.17"]
[SourceQuality "1"]

1. Nf3 f5 2. g3 Nf6 3. Bg2 e6 4. O-O Be7 5. b3 O-O 6. Bb2 d6 7. d4 d5 8. Nbd2
c6 9. Ne5 Nbd7 10. Nd3 Ne4 11. f3 Nxd2 12. Qxd2 Nf6 13. c4 Qe8 14. a4 Bd7 15.
a5 Rd8 16. Rfe1 Qh5 17. Ne5 a6 18. Ba3 Bxa3 19. Rxa3 Bc8 20. b4 dxc4 21. Nxc4
Qe8 22. Rd3 Qe7 23. e4 fxe4 24. fxe4 Bd7 25. d5 Rde8 26. d6 Qd8 27. Ne5 Qc8 28.
Bh3 Kh8 29. Qe3 Rd8 30. Red1 Qb8 31. Rf1 1-0

[Event "FIDE World Cup"]
[Site "Tromsoe"]
[Date "2013.08.12"]
[Round "1.2"]
[White "Bwalya, Gillan"]
[Black "Kramnik, Vladimir"]
[Result "0-1"]
[WhiteElo "2315"]
[BlackElo "2784"]
[PlyCount "80"]
[EventDate "2013.08.11"]
[EventType "k.o."]
[EventRounds "7"]
[EventCountry "NOR"]
[SourceTitle "CBM 156"]
[Source "ChessBase"]
[SourceDate "2013.09.17"]
[SourceVersion "1"]
[SourceVersionDate "2013.09.17"]
[SourceQuality "1"]

1. d4 Nf6 2. c4 e6 3. Nf3 b6 4. a3 Bb7 5. Nc3 d5 6. Bg5 Be7 7. Bxf6 Bxf6 8.
cxd5 exd5 9. e3 O-O 10. Bd3 c5 11. O-O Re8 12. Rc1 Na6 13. Qc2 g6 14. Rfd1 c4
15. Bf1 Nc7 16. Re1 b5 17. g3 a5 18. Bg2 b4 19. Ne2 Nb5 20. Nd2 Qb6 21. a4 Nc7
22. h4 Rad8 23. h5 Ne6 24. Nf3 Bc8 25. hxg6 hxg6 26. Qd2 Bg7 27. Red1 Qd6 28.
Ra1 Nc7 29. Nh2 Na8 30. Nf4 Nb6 31. b3 Bf5 32. Qb2 Rc8 33. Rdc1 g5 34. Nh5 Qg6
35. Nxg7 Kxg7 36. bxc4 dxc4 37. d5+ c3 38. Qb3 Be4 39. Bxe4 Qxe4 40. d6 Rh8 0-1